Drogadicción y cárceles en Costa Rica: contribución al análisis de un problema /
Guardado en:
| Autor principal: | |
|---|---|
| Autores Corporativos: | , , , |
| Formato: | Texto |
| Publicado: |
San José:
CENAGRO
|
| Etiquetas: |
Agregar Etiqueta
Sin Etiquetas, Sea el primero en etiquetar este registro!
|
MARC
| LEADER | 00000 a a2200000 04500 | ||
|---|---|---|---|
| 001 | 6206 | ||
| 003 | |||
| 040 | |||
| 020 | |a 9968-9977-1-4 | ||
| 022 | |a 9968-9977-1-4 | ||
| 090 | |a 193600 | ||
| 100 | |a Vega Solís, Miguel | ||
| 110 | |a Centro Nacional de Drogas | ||
| 245 | |a Drogadicción y cárceles en Costa Rica: contribución al análisis de un problema / |c Centro Nacional de Drogas | ||
| 260 | |a San José: |b CENAGRO | ||
| 300 | |a 208 p. | ||
| 300 | |b **no definido** |b il. | ||
| 500 | |a Contiene información sobre las ilustraciones | ||
| 710 | |a CENAGRO | ||
| 710 | |a Costa Rica. Ministerio de Justicia y Gracia. Dirección General de Adaptación Social | ||
| 710 | |a Escuela Nacional de Capacitación Penitenciaria | ||
| 999 | |c 6056 |d 6056 | ||



